000 00435nam a2200169Ia 4500
003 GCL
008 140319s9999 xx 000 0 eng d
040 _aGCL /
_cGCL
082 0 4 _a152.4
_bP I
100 1 _aPARKINSON, BRIAN
245 1 0 _aIDEAL AND REALITIES OF EMOTION /
_cPARKINSON, BRIAN
260 _a[S.N] :
_bROUTLEDGE ،
_c1995
300 _a333 P
650 0 4 _aPHYSIOLOGICAL ASPECTS
650 0 4 _aEMOTIONS
942 _2ddc
_cBK
999 _c10392
_d10392